000 01131ata a2200385 4500
005 20260302193618.0
008 150521b2010 xxu||||| |||| 00| 0 spa d
020 _a9789508947789
041 _aESP
082 _a364.1 G232m
100 _aGaribaldi, Gustavo E.L.
_930977
245 _aLas modernas tecnologías de control y de investigación del delito
260 _aArgentina
260 _bAd-Hoc
260 _c2010
300 _a568 páginas
490 _aInvestigación Criminal
650 _aDELITOS
650 _aTECNOLOGÍAS EN INVESTIGACIÓN
650 _aMARCO NORMATIVO BÁSICO
650 _aREGLAMENTO DE GARANTÍAS
650 _aMARCO PÚBLICO
650 _aMARCO PRIVADO
650 _aTECNOLOGÍAS DE CONTROL
650 _aINJERENCIAS DOMICILIARIAS
650 _aINJERENCIAS EN LA INTIMIDAD
650 _aACTUACION DE AGENTES
650 _aAGENTES ENCUBIERTOS
650 _aINTERVENCIÓN DE LAS COMUNICACIONES
650 _aLIBERTAD DE PRENSA
650 _aVIDEOVIGILANCIA
650 _aTÉCNICAS DE SEGUIMIENTO DE PERSONAS
650 _aSEGURIDAD ELECTRÓNICA
942 _cBK
_2ddc
999 _c5909
_d5909